| 000 | 01187nam a2200301Ia 4500 | ||
|---|---|---|---|
| 003 | OSt | ||
| 005 | 20200908161250.0 | ||
| 008 | 191128s1991 ck gr 000 0 spa d | ||
| 020 | _a958653023X | ||
| 040 |
_aCO-JMCR _cCO-JMCR |
||
| 041 | 0 | _aspa | |
| 082 | 0 | 4 |
_a382.098 / _bB213a _223 |
| 110 | 2 |
_aColombia. Banco Mundial _99994 |
|
| 245 | 1 | 0 |
_aApertura : liberalización del comercio exterior en los paises en desarrollo / _cBanco Mundial ; traductor Gabriel Hernández Salame |
| 260 |
_aBogotá : _bLegis, _c1991. |
||
| 300 |
_a64 páginas ; _c20 cm. |
||
| 490 | 0 | _aTaller y foro | |
| 500 | _aBibliografía: páginas 63-64 | ||
| 505 | 0 | _a¿Cómo liberalizan los países? -- Caminos a la reforma -- Diseño y continuidad -- Liberalización… ¿a qué precio? | |
| 534 | _pOpenness : liberalization of foreign trade in developing countries | ||
| 546 | _aTraducido del inglés | ||
| 650 | 2 | 4 |
_aLiberalización económica _99995 |
| 650 | 2 | 4 |
_aPaíses en Desarrollo Países en Desarrollo _99996 |
| 650 | 2 | 4 |
_aComercio exterior Países en Desarrollo _99997 |
| 650 | 2 | 4 |
_aPolítica económica _99998 |
| 700 | 1 |
_aHernández Salame, Gabriel, _etraductor _99999 |
|
| 942 |
_2ddc _cBK |
||
| 999 |
_c5560 _d5560 |
||